000 01189nam a2200313 4500
001 0000015193
003 CO-CtgCURN
005 20250429224000.0
007 ta
008 160627s2003 000 0 eng d
020 _a9586533425
040 _aCO-CtgCURN
_bspa
_ccoctgcurn
082 0 _a350.711
_bE72t
100 1 _aEscobar Gil, Rodrigo.
245 1 0 _aTeoria general de los contratos de la Administración publica /
_cRodrigo Escobar Gil.
250 _a2a ed.
260 _aBogotá :
_bLegis,
_c2003.
300 _a635 p.
336 _2rdacontent
337 _2rdamedia
_asin mediacion
_bn
338 _2rdacarrier
_avolumen
_bnc
500 _aIncluye indice.
504 _aBibliografia (p. 621-635)
505 8 _aNaturaleza y regimen juridico de los contratos de la Administración publica.-- Regimen de la celebracion de los contratos.-- Agrupacion empresariales.--Consorcios y uniones temporales.--La licitacion o concurso.--El procedimiento licitatorio.--Fases del procedimiento licitatorio
650 1 4 _aContratos
_vTeorias.
908 _a160627
942 _cBK
_h350.711
_iE72t
_2ddc
999 _c34270
_d34270